| 000 | 00395 a2200109 4500 | ||
|---|---|---|---|
| 020 | _a8174091270 | ||
| 082 | _a692.5 VAZ | ||
| 100 | _aVazirani, V. N. | ||
| 245 |
_aCivil Engineering Estimating, Costing and Valuation : Including Quantity Surveying, Contracting and Account _cV. N. Vazirani, S. P. Chandola |
||
| 260 |
_aNew Delhi : _bKhanna Publishers, _c2008 |
||
| 300 |
_a1148p. : _bill. ; _c26 cm |
||
| 650 | _aCivil Engineering | ||
| 999 |
_c1781 _d1781 |
||